000 01049nas a2200361 4500
001 BR0404141
003 BR-BrBNA
005 20231205104810.0
007 ta
008 230509b bl.|||p| |||| 00| 00por d
040 _aBR-BrBNA
_bpor
_cBiblioteca Nacional de Agricultura
041 _a(Pt)
072 _aQ54
100 1 _aSchmidt, P.
100 1 _aWechsler, F.S.
100 1 _aNascimento, J.S. do
100 1 _aVargas Junior, F.M. de
245 1 _aTratamento do feno de braquiária pelo fungo Pleurotus ostreatus
650 _aBRACHIARIA DECUMBENS
650 _aCAPIM BRACHIÁRIA
650 _aFUNGO
650 _aCOMPOSIÇÃO QUÍMICA
650 _aFIBRA
650 _aINCUBAÇÃO
650 _aFENO
650 _aMETÉRIA SECA
650 _aINOCULAÇÃO
650 _aHEMICELULOSE
650 _aCONTROLE BIOLÓGICO
773 0 _tRevista Brasileira de Zootecnia (Brazil)
_xISSN 1516-3598
_g(Nov-Dec 2003), v. 32(6)Suppl. 2 p. 1886-1871
_wBR0404141
909 _a202311
_bLúcia
_c55
_dLúcia Elande
942 _2AGRIS
_n0
_cANA
999 _c179737
_d179737